La didáctica de la Historia y la formación de ciudadanos en el mundo actual
Guardat en:
| Autor principal: | |
|---|---|
| Altres autors: | |
| Format: | Llibre |
| Idioma: | espanyol |
| Publicat: |
Santiago
Centro de Investigaciones Diego Barros Arana
2013
|
| Matèries: | |
| Etiquetes: |
Afegir etiqueta
Sense etiquetes, Sigues el primer a etiquetar aquest registre!
|
MARC
| LEADER | 00000cam a2200000 a 4500 | ||
|---|---|---|---|
| 001 | UCF9084 | ||
| 003 | CL-VaPUC | ||
| 008 | 131018e20130000cl |||||||||||||||||spa|d | ||
| 020 | |a 9789562442701 | ||
| 082 | 0 | 4 | |a 371.3 |b MUÑ |2 21 |
| 100 | |a Muñoz Delaunoy, Ignacio |e autor |9 571281 | ||
| 700 | |a Osandón Millavil, Luis |e autor |9 578152 | ||
| 245 | 1 | 3 | |a La didáctica de la Historia y la formación de ciudadanos en el mundo actual |
| 300 | |a 455 p | ||
| 942 | |c BK | ||
| 945 | |d 20131018 14:00:00 |a dcastane | ||
| 260 | |a Santiago |b Centro de Investigaciones Diego Barros Arana |c 2013 | ||
| 650 | 0 | |a Enseñanza de la historia |9 307330 | |
| 650 | 0 | |a Métodos de enseñanza |9 270413 | |
| 583 | |a last modification |c 20131018 14:00:00 |k Rodrigo Vera | ||
| 999 | |c 353569 |d 353567 | ||
| 952 | |0 0 |1 0 |3 erb |4 0 |6 371_300000000000000_MUÑ_2013 |7 0 |8 A |9 458896 |a BIBHIS |b BIBHIS |d 2019-11-23 |i 5021812 |o 371.3 MUÑ 2013 |p 5021812 |r 2025-01-20 |w 2019-11-23 |y BK |z Catalogado en:20131018 |k HIS | ||
| 952 | |0 0 |1 0 |3 erb |4 0 |6 371_300000000000000_MUÑ_2013 |7 0 |8 A |9 458897 |a BIBEDU |b BIBEDU |i 5051525 |o 371.3 MUÑ 2013 |p 5051525 |r 2019-11-23 |w 2019-11-23 |y BK |z Catalogado en:20140116 |k EPE | ||
| 952 | |0 0 |1 0 |3 erb |4 0 |6 371_300000000000000_MUÑ_2013 |7 0 |8 A |9 458898 |a BIBEDU |b BIBEDU |i 5051533 |o 371.3 MUÑ 2013 |p 5051533 |r 2019-11-23 |w 2019-11-23 |y BK |z Catalogado en:20140116 |k EPE | ||
| 952 | |0 0 |1 0 |3 erb |4 0 |6 371_300000000000000_MUÑ_2013 |7 0 |8 A |9 458899 |a BIBEDU |b BIBEDU |i 5051541 |o 371.3 MUÑ 2013 |p 5051541 |r 2019-11-23 |w 2019-11-23 |y BK |z Catalogado en:20140116 |k EPE | ||
| 952 | |0 0 |1 0 |3 erb |4 0 |6 371_300000000000000_MUÑ_2013 |7 0 |8 A |9 458900 |a BIBEDU |b BIBEDU |i 505155K |o 371.3 MUÑ 2013 |p 505155K |r 2019-11-23 |w 2019-11-23 |y BK |z Catalogado en:20140116 |k EPE | ||
| 952 | |0 0 |1 0 |3 erb |4 0 |6 371_300000000000000_MUÑ_2013 |7 0 |8 A |9 458901 |a BIBEDU |b BIBEDU |i 5051568 |o 371.3 MUÑ 2013 |p 5051568 |r 2019-11-23 |w 2019-11-23 |y BK |z Catalogado en:20140116 |k EPE | ||
| 952 | |0 0 |1 0 |3 erb |4 0 |6 371_300000000000000_MUÑ_2013 |7 0 |8 A |9 458902 |a BIBHIS |b BIBHIS |i 5079810 |l 1 |o 371.3 MUÑ 2013 |p 5079810 |r 2025-01-20 |s 2022-10-19 |w 2019-11-23 |y BK |z Catalogado en:20140731 |k HIS | ||